000 00718nam a22002297a 4500
001 80707
003 UA-OsUOA
005 20210506174847.0
007 ta
008 20111222b un ||||| |||| 00| 0 ukr d
040 _aUA-OsUOA
_bukr
_cUA-OsUOA
_dUA-OsUOA
041 _aukr
080 _a82
090 _a82
_bК61
100 _aКолупаєва О.
245 _aАрхітектоніка сонетного циклу в англомовній та україномовній поезії кінця ХІХ – початку ХХ століття
300 _aС.90-98
650 7 _a82 Література. Літературознавство
_2UDC
773 0 _w80701
942 _cSA
_2udc
955 _a0
999 _c367017
_d367017